000
00305nam a22001337a 4500
008
170904b xxu||||| |||| 00| 0 eng d
020
_a
9780761913405
041
_a
eng
080
_2
3rd
_a
070
100
_a
40
101
_a
MED
245
_a
DESIGNING QUALITATIVE RESEARCH
_c
MARSHALL,C
942
_2
udc
_c
BK
999
_c
26017
_d
26017